Indovina il Paese dall'Isola #1 - Statistics

Statistiche generali
  • Questo quiz è stato fatto 81 volte
  • Il punteggio medio è 11 su 15
Statistiche sulle risposte
Isola Stato % Corretto
Corsica Francia
100%
Sicilia Italia
100%
Creta Grecia
99%
Hokkaido Giappone
97%
Long Island Stati Uniti
90%
Tasmania Australia
85%
Borneo (3 Stati) Indonesia - Malesia - Brunei
75%
Zanzibar Tanzania
73%
Sumatra Indonesia
68%
La Riunione Francia
53%
Isola di Baffin Canada
51%
Gotland Svezia
47%
Maui Stati Uniti
45%
Mindanao Filippine
42%
Sakhalin Russia
36%
Nessun quiz corrispondente trovato
Distribuzione punteggi
Percentuale di utenti per punteggio
Percentile per numero di risposta
I tuoi punteggi nel tempo
Non hai fatto questo quiz